Fr. Conceicao Rodrigues College of Engineering

Big Data Architects Handbook (Record no. 36214)

MARC details
000 -LEADER
fixed length control field 00356nam a22001457a 4500
003 - CONTROL NUMBER IDENTIFIER
control field OSt
005 - DATE AND TIME OF LATEST TRANSACTION
control field 20250324124154.0
008 - FIXED-LENGTH DATA ELEMENTS--GENERAL INFORMATION
fixed length control field 250324b |||||||| |||| 00| 0 eng d
020 ## - INTERNATIONAL STANDARD BOOK NUMBER
International Standard Book Number 9781788835824
040 ## - CATALOGING SOURCE
Transcribing agency
082 ## - DEWEY DECIMAL CLASSIFICATION NUMBER
Classification number 005.7
Item number SYE
245 ## - TITLE STATEMENT
Title Big Data Architects Handbook
Statement of responsibility, etc. Syed Muhammad Fahad Akhtar
260 ## - PUBLICATION, DISTRIBUTION, ETC.
Name of publisher, distributor, etc. PACKT
Date of publication, distribution, etc. 2018
942 ## - ADDED ENTRY ELEMENTS (KOHA)
Source of classification or shelving scheme Dewey Decimal Classification
Koha item type Reference Book
Suppress in OPAC No
Holdings
Withdrawn status Lost status Source of classification or shelving scheme Damaged status Not for loan Collection Home library Current library Date acquired Cost, normal purchase price Inventory number Total Checkouts Full call number Barcode Date last seen Price effective from Koha item type
    Dewey Decimal Classification     COMPUTERS Fr. Agnel's C.Rodrigues College of Engineering Fr. Agnel's C.Rodrigues College of Engineering 24/03/2025 4499.00 AO/25/03/1240 dt 21/03/2025   005.7/SYE 26688 24/03/2025 24/03/2025 Reference Book